La filosofía de Anaxágoras
Visión del pensamiento del filósofo griego Anaxágoras de Clazomene mediante dos pasos fundamentales, uno analítico y el otro sintético. En el primer caso se ofrece una traducción completa tanto de los testimonios biodoxográficos, como de los fragmentos conservados atribuidos con autenticidad. El seg...
Збережено в:
| Автор: | |
|---|---|
| Формат: | Книга |
| Мова: | Undetermined |
| Опубліковано: |
Caracas, Venezuela
Sociedad Venezolana de Filosofía
1984
|
| Предмети: | |
| Теги: |
Додати тег
Немає тегів, Будьте першим, хто поставить тег для цього запису!
|
MARC
| LEADER | 00000nam a2200000Ia 4500 | ||
|---|---|---|---|
| 008 | 170316s9999 xx 000 0 und d | ||
| 040 | |a cru BVZT | ||
| 090 | |a 100 C-11fi | ||
| 100 | |a Cappelletti, Angel |9 1568 | ||
| 245 | |a La filosofía de Anaxágoras |c / Angel Cappelletti | ||
| 260 | |a Caracas, Venezuela |b Sociedad Venezolana de Filosofía |c 1984 | ||
| 300 | |a 311 p. | ||
| 520 | |a Visión del pensamiento del filósofo griego Anaxágoras de Clazomene mediante dos pasos fundamentales, uno analítico y el otro sintético. En el primer caso se ofrece una traducción completa tanto de los testimonios biodoxográficos, como de los fragmentos conservados atribuidos con autenticidad. El segundo se lleva a cabo mediante una exposición sistemática del pensamiento filosófico del pensador oriundo de Clazomene, partiendo del examen de la filosofía de su época, el problema de la materia, el concepto del Nous, su cosmogonía, astronomía, meteorología, geografía, biología, psicología, teoría del conocimiento y su moral | ||
| 650 | |a FILOSOFÍA |9 5 | ||
| 999 | |c 15829 |d 15829 | ||
| 942 | |c 15 D |h 100 C-11fi |2 z | ||
